Memoria acerca del estado de la Escuela de Comercio de Málaga / (Record no. 153698)
[ view plain ]
| 000 -LEADER | |
|---|---|
| campo de control de longitud fija | 01395nas a22002415i 4500 |
| 001 - NÚMERO DE CONTROL | |
| campo de control | 153698 |
| 003 - IDENTIFICADOR DE NÚMERO DE CONTROL | |
| campo de control | ES-MaACL |
| 005 - FECHA Y HORA DE LA ÚLTIMA TRANSACCIÓN | |
| campo de control | 20250901224506.0 |
| 008 - DATOS DE LONGITUD FIJA--INFORMACIÓN GENERAL | |
| campo de control de longitud fija | 040708m18911901sp | | ||pa d |
| 040 ## - FUENTE DE CATALOGACIÓN | |
| Centro catalogador/agencia de origen | CAM |
| Lengua de catalogación | spa |
| Centro/agencia transcriptor | CAM |
| 110 2# - ENTRADA PRINCIPAL--NOMBRE DE ENTIDAD CORPORATIVA | |
| Nombre de entidad corporativa o nombre de jurisdicción como elemento de entrada | Escuela Superior de Comercio de Málaga |
| 9 (RLIN) | 134361 |
| 245 10 - MENCIÓN DEL TÍTULO | |
| Título | Memoria acerca del estado de la Escuela de Comercio de Málaga / |
| Mención de responsabilidad, etc. | por Pedro Gómez Chaix. |
| 260 ## - PUBLICACIÓN, DISTRIBUCIÓN, ETC. | |
| Lugar de publicación, distribución, etc. | Málaga : |
| Nombre del editor, distribuidor, etc. | [s.n.], |
| Fecha de publicación, distribución, etc. | 1891-1901 ( |
| Fabricante | Tipografía de Manuel Cerbán) |
| 300 ## - DESCRIPCIÓN FÍSICA | |
| Extensión | 11 v. ; |
| Dimensiones | 24 cm. |
| 505 8# - NOTA DE CONTENIDO CON FORMATO | |
| Nota de contenido con formato | Contiene : curso 1890-91 (46, [2] p.) ; 1891-1892 (50, [2] p.) ; 1892-93 (72, [2] p.) ; 1893-94 (56, [2] p.) ; 1894-95 (46, [2] p.) ; 1895-96 (44, [2] p.) ; 1896-97 (66, [2] p.) ; 1897-98 (63 p.) ; 1898-99 (54, [2] p.) ; 1899-1900 (47 p.) ; 1900-1901 (39 p.) |
| 594 ## - Nota al título y mención de responsabilidad | |
| Nota al título y mención de responsabilidad | A partir del curso 1894-95, Escuela Superior de Comercio de Málaga. |
| 596 ## - NOTA AL PIE DE IMPRENTA | |
| NOTA AL PIE DE IMPRENTA | Los cursos 1894-95 y 1895-96, impresos por : Establecimiento tipográfico de Poch y Creixell. Los cursos 1896-97, 1897-98, 1898-99, 1899-1900 y 1900-1901, impresos por : Tipografía de Zambrana Hermanos. |
| 610 24 - PUNTO DE ACCESO ADICIONAL DE MATERIA--NOMBRE DE ENTIDAD CORPORATIVA | |
| Nombre de entidad corporativa o nombre de jurisdicción como elemento de entrada | Escuela Superior de Comercio de Málaga- |
| Subdivisión de forma | Memorias. |
| 9 (RLIN) | 155855 |
| 700 11 - ENTRADA AGREGADA--NOMBRE PERSONAL | |
| Nombre de persona | Gómez Chaix, Pedro. |
| 9 (RLIN) | 57869 |
| 852 ## - LOCALIZACIÓN | |
| Ubicación | ES-MaACL |
| Número de control de estantería | T-1455-F-1-11 |
| Nota libre | -- Enc. hol., conservando cubs. originales |
| -- | -- Enc. en un vol. facticio |
| 852 ## - LOCALIZACIÓN | |
| Ubicación | ES-MaACL |
| Número de control de estantería | T-958-F-3 |
| Nota libre | .- (1900/1901) |
| Estatus retirado | Estado de pérdida | Estado de daño | No para préstamo | Colección | Biblioteca de origen | Biblioteca actual | Ubicación en estantería | Fecha de adquisición | Fuente de adquisición | Total de préstamos | Signatura topográfica completa | Código de barras | Visto por última vez | Precio de reemplazo | Tipo de ítem Koha |
|---|---|---|---|---|---|---|---|---|---|---|---|---|---|---|---|
| Colección de folletos | Biblioteca del Ateneo de Madrid | Biblioteca del Ateneo de Madrid | Depósito folletos | 05/11/2014 | T-958-F-3 | 1193355 | 23/02/2023 | 23/02/2023 | Folleto | ||||||
| Colección de folletos | Biblioteca del Ateneo de Madrid | Biblioteca del Ateneo de Madrid | Depósito folletos | 17/01/2008 | T-1455-F-1-11 | 1160681 | 23/02/2023 | 23/02/2023 | Folleto |
